[Event "BL 2016-17"]
[Site "Germany"]
[Date "2017.03.19"]
[Round "10"]
[White "Starostits, Ilmars"]
[Black "Efimenko, Zahar"]
[Result "1/2-1/2"]
[WhiteElo "2425"]
[BlackElo "2650"]
[Annotator "TA"]
[PlyCount "51"]
[EventDate "2017.??.??"]
[EventType "team-tourn"]
[EventCountry "GER"]
[SourceTitle "playchess.com"]
[Source "ChessBase"]
[SourceQuality "1"]
[WhiteTeam "Speyer-Schwegenheim"]
[BlackTeam "Werder Bremen"]

1. d4 $146 (1. e4 c6 2. d4 d5 3. Nc3 dxe4 4. Nxe4 Bf5 5. Ng3 Bg6 6. h4 h6 7. Nf3 Nf6 8. Ne5 Bh7 9. Bd3 Bxd3 10. Qxd3 Nbd7 11. f4 e6 12. Bd2 Be7 13. O-O-O Qc7 14. Ne4 Nxe4 15. Qxe4 Nf6 16. Qf3 g6 17. Kb1 h5 18. c4 Rc8 19. Bc3 b5 20. d5 cxd5 21. cxd5 Nxd5 22. Rxd5 exd5 23. Qxd5 {1-0 (29) Saric,I (2652)-Navara,D (2725) Tallinn 2016}) 1... Nf6 2. Nf3 g6 3. Nc3 d5 4. Bf4 c6 5. e3 Nh5 6. Bg5 h6 7. Bh4 Nd7 8. g4 Nhf6 9. h3 Bg7 10. Bg3 b5 11. Ne5 Bb7 12. Bg2 O-O 13. f4 c5 14. f5 gxf5 15. gxf5 b4 16. Ne2 Ne4 17. Bf4 e6 18. Bxe4 dxe4 19. Nxd7 Qxd7 20. Rg1 Qe7 21. Rxg7+ Kxg7 22. f6+ Kxf6 23. Ng3 Kg7 24. Bxh6+ Kxh6 25. Qh5+ Kg7 26. Qg4+ 1/2-1/2

[Event "BL 2016-17"]
[Site "Germany"]
[Date "2017.03.19"]
[Round "10"]
[White "Agopov, Mikael"]
[Black "Galyas, Miklos"]
[Result "1-0"]
[WhiteElo "2424"]
[BlackElo "2493"]
[Annotator "TA"]
[PlyCount "69"]
[EventDate "2017.??.??"]
[EventType "team-tourn"]
[EventCountry "GER"]
[SourceTitle "playchess.com"]
[Source "ChessBase"]
[SourceQuality "1"]
[WhiteTeam "SF Berlin"]
[BlackTeam "SG Trier"]

{[%evp 18,69,53,54,52,49,70,67,48,44,128,113,105,114,108,46,86,88,431,447,468,458,465,455,465,454,447,435,533,524,598,598,611,589,752,764,763,799,1084,1075,1039,962,1360,1292,1683,1676,29988,29989,29989,29990,29990,29991,29992,29993]} 1. e4 d5 2. exd5 Qxd5 3. Nf3 Bg4 4. Be2 Nc6 5. O-O O-O-O {B01: Scandinavian Defence} 6. h3 Bxf3 7. Bxf3 Qd7 8. c3 Ne5 9. d4 Nxf3+ 10. Qxf3 {LiveBook: 5 Games} Nf6 11. Nd2 Qd5 12. Qe2 e6 13. Nf3 Bd6 $146 {[#]} ({Black should try} 13... Qh5 $14) 14. c4 $1 $16 {[%cal Rc4d5]} Qe4 15. Be3 c6 16. Rfc1 (16. b4 $16) 16... h6 17. b4 Bf4 $2 {[%mdl 8192] [#]} (17... g5 $16 {is tougher.}) 18. Nd2 $1 $18 {[%cal Rd2e4]} Qf5 19. g4 Qg5 20. Nf3 Bxe3 21. Nxg5 Bxg5 22. Rd1 Bf4 23. Qf3 g5 24. b5 cxb5 25. Rab1 a6 26. a4 {[%cal Ba2a4,Ba4b5][%mdl 32]} h5 27. gxh5 Rxh5 28. axb5 a5 29. Ra1 Rdh8 30. Rxa5 Rxh3 31. Ra8+ Bb8 32. Qxf6 {White mates.} Rh1+ 33. Kg2 R8h2+ 34. Kf3 Rxd1 35. b6 1-0

[Event "BL 2016-17"]
[Site "Germany"]
[Date "2017.03.19"]
[Round "10"]
[White "Lauber, Arnd"]
[Black "Cyborowski, Lukasz"]
[Result "*"]
[WhiteElo "2424"]
[BlackElo "2532"]
[Annotator "TA"]
[PlyCount "31"]
[EventDate "2017.??.??"]
[EventType "team-tourn"]
[EventCountry "GER"]
[SourceTitle "playchess.com"]
[Source "ChessBase"]
[SourceQuality "1"]
[WhiteTeam "SF Berlin"]
[BlackTeam "SG Trier"]

{[%evp 28,31,0,0,28,0]} 1. d4 Nf6 2. c4 e6 3. Nc3 d5 4. cxd5 exd5 5. Bg5 c6 6. e3 Be7 7. Qc2 Nbd7 8. Bd3 Nh5 9. Bxe7 Qxe7 10. Nf3 Nf4 {D36: Queen's Gambit Declined: Exchange Variation: Main line (5 Bg5 c6 6 Qc2)} 11. Bf1 Ne6 (11... Nb6 12. O-O-O Nh5 13. h3 Nf6 14. Bd3 Be6 15. Kb1 O-O-O 16. Nd2 Kb8 17. Ne2 Bc8 18. Ka1 Rhe8 19. Nc3 g6 20. Rb1 Be6 21. b3 Rc8 22. Qb2 Bf5 23. Bxf5 gxf5 {½-½ (53) Zhao,J (2634)-Ma,Q (2613) China 2016}) 12. Bd3 $146 (12. h4 Nb6 13. Ne5 Nd7 14. Nf3 Nb6 15. O-O-O Bd7 16. Ne5 {½-½ (71) Grigoryeva,O (2190)-Froewis,A (2000) Prague 2012}) 12... Nf4 13. Bf1 Ne6 14. Bd3 Nf4 15. Bf1 {LiveBook: 9 Games} Ne6 16. Bd3 *

[Event "BL 2016-17"]
[Site "Germany"]
[Date "2017.03.19"]
[Round "10"]
[White "Beerdsen, Thomas"]
[Black "Wagner, Dennis"]
[Result "1-0"]
[WhiteElo "2415"]
[BlackElo "2568"]
[Annotator "TA"]
[PlyCount "93"]
[EventDate "2017.??.??"]
[EventType "team-tourn"]
[EventCountry "GER"]
[SourceTitle "playchess.com"]
[Source "ChessBase"]
[SourceQuality "1"]
[WhiteTeam "Mülheim Nord"]
[BlackTeam "Hockenheim"]

{[%evp 22,93,21,21,20,11,12,10,12,5,11,25,36,0,0,4,0,0,0,8,46,46,56,52,58,35,46,0,0,0,18,10,66,47,60,46,35,49,61,54,93,77,94,16,201,189,352,349,341,327,303,248,318,305,367,320,303,237,829,815,789,740,29987,29988,29988,29989,29989,29990,29991,29992,29992,29993,29993,29994]} 1. e4 e5 2. Nf3 Nc6 3. Bb5 a6 4. Ba4 Nf6 5. d3 b5 6. Bb3 Be7 7. a4 b4 8. O-O O-O 9. a5 d6 10. Nbd2 Rb8 {C84: Closed Ruy Lopez: Unusual White 6th moves} 11. Nc4 (11. Re1 Be6 12. Bxe6 fxe6 13. Nb3 Qe8 14. d4 exd4 15. Nbxd4 Nxd4 16. Nxd4 Qd7 17. Qe2 c5 18. Nf3 e5 19. Bg5 Qb5 {1-0 (49) So,W (2808)-Gozzoli,Y (2583) chess.com INT 2017}) 11... Bg4 12. Be3 {LiveBook: 5 Games} Nd7 $146 {The position is equal.} (12... d5 13. exd5 Nxd5 14. h3 Nxe3 15. fxe3 Be6 16. Ncxe5 Nxe5 17. Nxe5 Qd6 18. d4 Bxb3 19. cxb3 {1-0 (30) Bok,B (2613)-Ernst,S (2535) playchess.com INT 2016}) 13. Ba4 Nd4 $1 14. Bxd4 exd4 15. h3 Bxf3 $1 16. Qxf3 (16. gxf3 Nc5 17. b3 Ne6 $17) 16... Nc5 17. Bc6 b3 18. cxb3 Rxb3 19. Rad1 Bf6 20. Qe2 g6 21. f4 {[%cal Bf2f4,Bf4f5][%mdl 32]} Bg7 22. f5 Nd7 23. Bxd7 Qxd7 24. f6 {[#] aiming for Qc2.} Bh6 25. Qf2 {And now Qh4 would win.} Rd8 (25... Re8 $5 {seems wilder.} 26. Qxd4 Re6 27. Kh1 Rb4 28. Qc3 Qb5) 26. Qxd4 c6 ({Black should try} 26... Bf8 $11) 27. Kh1 $14 Rb5 28. Qc3 Qe6 29. Rde1 $36 {[%mdl 2048] Strongly threatening e5. White fights for an advantage.} Rdb8 30. e5 Rb3 31. Qc2 ({Don't go for} 31. exd6 $2 Rxc3 32. Rxe6 Rxc4 $19) 31... d5 32. Nd6 (32. Nb6 $16 Rb5 33. b4) 32... c5 $2 (32... Bf8 $1 $11) 33. Qxc5 $18 Rxd3 $2 {[#]} (33... Bf8 34. Qc7 (34. Qc6 Rxd3 35. Kg1 Rd2 $11) 34... Rxb2) 34. Nxf7 $1 {[%mdl 512]} Rxh3+ (34... Qxf7 35. e6) 35. Kg1 Bf8 36. Nd6 Rh5 37. Qd4 Rg5 38. f7+ Kh8 39. Ne8 Rxb2 $2 (39... Rc8 40. Qe3 (40. Rf6 Qh3 41. Rf2 Rc4 $18) 40... Rh5) 40. Qxb2 {Hoping for Nc7.} Bc5+ 41. Rf2 Rxg2+ 42. Kxg2 {[%cal Bg1g2,Bg2f1,Bf1e2,Be2d2,Bd2c2,Bc2b1][%mdl 32] White mates.} Qg4+ 43. Kf1 Qh3+ 44. Ke2 Qg4+ 45. Kd2 Bb4+ 46. Kc2 Qc4+ 47. Kb1 1-0

[Event "BL 2016-17"]
[Site "Germany"]
[Date "2017.03.19"]
[Round "10"]
[White "Braga, Fernando"]
[Black "Fruebing, Stefan"]
[Result "0-1"]
[WhiteElo "2414"]
[BlackElo "2387"]
[Annotator "TA"]
[PlyCount "74"]
[EventDate "2017.??.??"]
[EventType "team-tourn"]
[EventCountry "GER"]
[SourceTitle "playchess.com"]
[Source "ChessBase"]
[SourceQuality "1"]
[WhiteTeam "Aufwärts Aachen"]
[BlackTeam "König Tegel"]

{[%evp 17,74,34,28,26,39,37,50,22,33,18,12,12,47,25,49,48,183,176,197,207,174,89,89,89,91,91,96,86,91,53,52,51,60,44,54,27,37,-27,-17,-222,-222,-222,-226,-219,-214,-280,-272,-406,-370,-470,-234,-1001,-1002,-1364,-1135,-5414,-5410,-29988,-29989]} 1. c4 g6 2. g3 Bg7 3. Bg2 e5 4. Nc3 Nc6 5. e3 f5 6. d3 Nf6 7. Nge2 O-O 8. O-O d6 9. b3 Ne7 10. Bb2 {A25: English Opening vs King's Indian with ...Nc6 but without early d3} (10. Qd2 h5 11. Bb2 h4 12. f4 hxg3 13. Nxg3 exf4 14. exf4 c6 15. Rae1 Kh7 16. h3 d5 17. Nce2 dxc4 18. bxc4 {½-½ (52) Saric,A (2483)-Kozul,Z (2602) Stari Mikanovci 2010}) 10... g5 11. f4 h6 12. Qd2 {White is slightly better.} c6 13. Rae1 Ng6 $1 14. Nd1 Re8 $146 (14... Qc7 15. Nf2 Be6 16. Bc3 Rae8 17. Rc1 {½-½ (44) Schulz,K (2268)-Grafl,F (2317) Altenkirchen 2001}) 15. Nf2 Qb6 16. Kh1 Bd7 {[#]} (16... exf4 $14 17. exf4 g4) 17. e4 $1 $18 gxf4 18. gxf4 Nh4 19. fxe5 (19. Ng3 $18) 19... dxe5 $16 20. exf5 {Hoping for Ng3.} Nxg2 21. Kxg2 Bxf5 22. Ng3 Bg6 23. Nfe4 Nxe4 24. Nxe4 {[#] aiming for Nf6+.} c5 25. Rf3 Qc6 26. Qe3 Rf8 27. Ref1 (27. Rg3 $14) 27... Rf4 $11 {[%cal Rg6e4]} 28. Nc3 $2 (28. Kg1 $11 {and White is okay.}) 28... Bh5 $19 29. Nd5 {Ne7+ is the strong threat.} Bxf3+ 30. Rxf3 Rxf3 31. Kxf3 Qe6 32. Ke2 (32. Qg1 $142) 32... Qg4+ 33. Kd2 Qg2+ (33... Rf8 $142 {White must now prevent ...Qg2+.} 34. Qg3 Qxg3 35. hxg3 Rf2+ 36. Kc1 Rf3) 34. Kc1 $2 (34. Qe2 Qxe2+ 35. Kxe2) 34... Rf8 35. Ne7+ Kh8 {( -> ...Rf1+)} 36. Kb1 Rf1+ 37. Bc1 e4 0-1

[Event "BL 2016-17"]
[Site "Germany"]
[Date "2017.03.19"]
[Round "10"]
[White "Bratanov, Zsivko"]
[Black "Werle, Jan"]
[Result "1/2-1/2"]
[WhiteElo "2409"]
[BlackElo "2516"]
[Annotator "TA"]
[PlyCount "56"]
[EventDate "2017.??.??"]
[EventType "team-tourn"]
[EventCountry "GER"]
[SourceTitle "playchess.com"]
[Source "ChessBase"]
[SourceQuality "1"]
[WhiteTeam "Speyer-Schwegenheim"]
[BlackTeam "Werder Bremen"]

{[%evp 23,56,27,30,22,42,39,42,0,46,52,68,44,61,61,89,85,80,81,91,92,85,86,89,87,385,376,382,0,372,369,326,316,316,0,0]} 1. d4 Nf6 2. c4 e6 3. Nc3 Bb4 4. e3 O-O 5. Bd3 d5 6. Nge2 c5 7. cxd5 cxd4 8. exd4 Nxd5 9. O-O Nc6 10. Nxd5 Qxd5 11. a3 Be7 12. Be3 Bf6 13. Qc2 {E48: Nimzo-Indian: Rubinstein: 5 Bd3 d5 including 6 Ne2, but excluding 6 a3} h6 14. Rfd1 Qd8 15. Bh7+ {White is slightly better.} Kh8 16. Be4 Bd7 $146 (16... Ne7 17. Qd2 Ng8 18. Nc3 Rb8 19. Qe2 Bg5 20. d5 Bxe3 21. Qxe3 {1-0 (66) Moreno Ruiz,J (2426)-Gomez Esteban,J (2465) Burgos 2003}) 17. Nc3 Rc8 18. d5 $36 {[%mdl 2048] White fights for an advantage.} exd5 19. Rxd5 Qe8 20. Bxh6 $1 gxh6 {[#]} 21. Qd2 $1 {[%cal Rd2h6]} Bg5 22. Rxg5 hxg5 23. Qxg5 {Qh6+ would kill now.} Qe6 $2 {[%mdl 8192]} (23... f5 $16 {keeps fighting.} 24. Qh6+ Kg8 25. Bd5+ Rf7) 24. Qh4+ $18 Kg7 {Hoping for ...Qh6.} 25. Qg5+ Kh8 {White must now prevent ...f5.} 26. Qh5+ Kg7 {Threatens to win with ...Qh6.} 27. Qh7+ Kf6 {[#]} 28. Qh4+ $2 (28. Nd5+ $1 $18 Ke5 29. Rd1) 28... Kg7 1/2-1/2

[Event "BL 2016-17"]
[Site "Germany"]
[Date "2017.03.19"]
[Round "10"]
[White "Johansson, Linus"]
[Black "Socko, Bartosz"]
[Result "1/2-1/2"]
[WhiteElo "2408"]
[BlackElo "2598"]
[Annotator "TA RC"]
[PlyCount "182"]
[EventDate "2017.??.??"]
[EventType "team-tourn"]
[EventCountry "GER"]
[SourceTitle "playchess.com"]
[Source "ChessBase"]
[SourceQuality "1"]
[WhiteTeam "Bayern München"]
[BlackTeam "TU Dresden"]
[TimeControl "40/6000+30:3000+30"]

1. c4 {[%emt 0:00:00]} e5 {[%emt 0:00:05]} 2. Nc3 {[%emt 0:00:00]} Nf6 {[%emt 0:00:07]} 3. g3 {[%emt 0:00:00]} c6 {[%emt 0:00:15]} 4. d4 {[%emt 0:05:12]} exd4 {[%emt 0:00:21]} 5. Qxd4 {[%emt 0:00:03]} d5 {[%emt 0:00:10]} 6. Bg2 {[%emt 0:07:22]} dxc4 {[%emt 0:00:39]} 7. Qxc4 {[%emt 0:00:53]} Be6 {[%emt 0:00:08]} 8. Qa4 {[%emt 0:01:28]} Nbd7 {[%emt 0:00:36]} 9. Nf3 {[%emt 0:01:08]} Bc5 {[%emt 0:00:08]} 10. O-O {[%emt 0:03:16]} O-O {[%emt 0:00:06]} 11. Qc2 {[%emt 0:00:53]} Qe7 {[%emt 0:07:18]} 12. b3 {[%emt 0:02:42]} Rfe8 {[%emt 0:02:02]} 13. Bb2 {[%emt 0:00:25]} Ba3 {[%emt 0:10:56]} 14. h3 {[%emt 0:05:00]} Bxb2 {[%emt 0:03:39]} 15. Qxb2 {[%emt 0:01:24]} Nc5 {[%emt 0:08:57]} 16. Nd4 {[%emt 0:22:50]} Rad8 {[%emt 0:00:48]} 17. Rad1 {[%emt 0:00:48]} Bc8 {[%emt 0:17:44]} 18. Qa3 {[%emt 0:06:03]} Qe5 {[%emt 0:01:14]} 19. e3 {[%emt 0:00:28]} Na6 {[%emt 0:08:19]} 20. b4 {[%emt 0:15:30]} Nxb4 {[%emt 0:15:25]} 21. Qxb4 {[%emt 0:06:58]} c5 {[%emt 0:00:13]} 22. Qa4 {[%emt 0:00:39]} cxd4 {[%emt 0:00:06]} 23. Rxd4 {[%emt 0:01:24]} a6 {[%emt 0:02:27]} 24. Rfd1 {[%emt 0:03:04]} Rxd4 {[%emt 0:04:11]} 25. Qxd4 {[%emt 0:04:14]} Qc7 {[%emt 0:00:54]} 26. a4 {[%emt 0:04:46]} h6 {[%emt 0:01:47]} 27. Nd5 {[%emt 0:01:42]} Nxd5 {[%emt 0:00:24]} 28. Qxd5 {[%emt 0:00:04]} a5 {[%emt 0:06:51]} 29. Qd6 {[%emt 0:05:46]} Qc2 {[%emt 0:01:17]} 30. Rd4 {[%emt 0:00:09]} Qb1+ {[%emt 0:04:16]} 31. Kh2 {[%emt 0:00:07]} Be6 {[%emt 0:00:50]} 32. Bd5 {[%emt 0:03:08]} Qf1 {[%emt 0:04:23]} 33. Rd2 {[%emt 0:03:02]} Qxh3+ {[%emt 0:01:16]} 34. Kg1 {[%emt 0:00:04]} Bxd5 {[%emt 0:02:28]} 35. Rxd5 {[%emt 0:00:56]} Rc8 {[%emt 0:01:08]} 36. Rc5 {[%emt 0:01:50]} g6 {[%emt 0:01:45]} 37. Qd5 {[%emt 0:01:41]} b6 {[%emt 0:01:31]} 38. Rxc8+ {[%emt 0:01:49]} Qxc8 {[%emt 0:00:07]} 39. Qb5 {[%emt 0:00:34]} Qe6 {[%emt 0:00:35]} 40. Kg2 {[%emt 0:00:59]} Kf8 {[%emt 0:50:08]} 41. Kg1 {[%emt 0:51:08]} Ke7 {[%emt 0:00:27]} 42. Qd3 {[%emt 0:00:00]} Qe5 {[%emt 0:00:00]} 43. Qb1 {[%emt 0:00:00]} Qe6 {[%emt 0:00:00]} 44. Qd3 {[%emt 0:00:00]} h5 {[%emt 0:00:00]} 45. Qd4 {[%emt 0:00:00]} Qd6 {[%emt 0:00:00]} 46. Qe4+ {[%emt 0:00:00]} Kf6 {[%emt 0:00:00]} 47. Qe8 {[%emt 0:00:00]} Kg7 {[%emt 0:00:00]} 48. Kg2 {[%emt 0:00:00]} Qe6 {[%emt 0:00:00]} 49. Qb5 {[%emt 0:00:00]} Kf8 {[%emt 0:00:00]} 50. Kg1 {[%emt 0:00:00]} Ke7 {[%emt 0:00:00]} 51. Kg2 {[%emt 0:00:00]} Qd6 {[%emt 0:00:00]} 52. Kg1 {[%emt 0:00:00]} Qe6 {[%emt 0:00:00]} 53. Kg2 {[%emt 0:00:00]} Kd8 {[%emt 0:00:00]} 54. Kg1 {[%emt 0:00:00]} Kc7 {[%emt 0:00:00]} 55. Kh2 {[%emt 0:00:00]} Kb7 {[%emt 0:00:00]} 56. Kg1 {[%emt 0:00:00]} Kb8 {[%emt 0:00:00]} 57. Kg2 {[%emt 0:00:00]} Kc7 {[%emt 0:00:00]} 58. Kh2 {[%emt 0:00:00]} f6 {[%emt 0:00:00]} 59. Qd3 {[%emt 0:00:00]} f5 {[%emt 0:00:00]} 60. Qd4 {[%emt 0:00:00]} Kb7 {[%emt 0:00:00]} 61. Qd1 {[%emt 0:00:00]} b5 {[%emt 0:00:00]} 62. axb5 {[%emt 0:00:00]} Kb6 {[%emt 0:00:00]} 63. Qd8+ {[%emt 0:00:00]} Kxb5 {[%emt 0:00:00]} 64. Qb8+ {[%emt 0:00:00]} Qb6 {[%emt 0:00:00]} 65. Qe5+ {[%emt 0:00:00]} Kc4 {[%emt 0:00:00]} 66. Qa1 {[%emt 0:00:00]} Qc5 {[%emt 0:00:00]} 67. Qf1+ {[%emt 0:00:00]} Kb3 {[%emt 0:00:00]} 68. Qb1+ {[%emt 0:00:00]} Ka4 {[%emt 0:00:00]} 69. Qb2 {[%emt 0:00:00]} Qb4 {[%emt 0:00:00]} 70. Qa2+ {[%emt 0:00:00]} Kb5 {[%emt 0:00:00]} 71. Qd5+ {[%emt 0:00:00]} Qc5 {[%emt 0:00:00]} 72. Qb3+ {[%emt 0:00:00]} Kc6 {[%emt 0:00:00]} 73. Qe6+ {[%emt 0:00:00]} Qd6 {[%emt 0:00:00]} 74. Qc4+ {[%emt 0:00:00]} Kb6 {[%emt 0:00:00]} 75. Qb3+ {[%emt 0:00:00]} Kc7 {[%emt 0:00:00]} 76. Qc3+ {[%emt 0:00:00]} Kb6 {[%emt 0:00:00]} 77. Qb3+ {[%emt 0:00:00]} Ka6 {[%emt 0:00:00]} 78. Qc4+ {[%emt 0:00:00]} Ka7 {[%emt 0:00:57]} 79. Qf7+ {[%emt 0:00:00]} Kb8 {[%emt 0:00:07]} 80. Qb3+ {[%emt 0:00:00]} Kc8 {[%emt 0:02:50]} 81. Qc4+ {[%emt 0:00:00]} Kd8 {[%emt 0:00:41]} 82. Qg8+ {[%emt 0:00:00]} Kd7 {[%emt 0:00:08]} 83. Qf7+ {[%emt 0:00:00]} Kc6 {[%emt 0:00:22]} 84. Qc4+ {[%emt 0:00:00]} Qc5 {[%emt 0:00:51]} 85. Qe6+ {[%emt 0:00:00]} Kb5 {[%emt 0:00:44]} 86. Qb3+ {[%emt 0:00:00]} Ka6 {[%emt 0:00:11]} 87. Qe6+ {[%emt 0:00:00]} Qb6 {[%emt 0:00:07]} 88. Qc4+ {[%emt 0:00:00]} Ka7 {[%emt 0:04:51]} 89. Qf7+ {[%emt 0:00:00]} Ka6 {[%emt 0:02:51]} 90. Qc4+ {[%emt 0:00:00]} Qb5 {[%emt 0:00:31]} 91. Qe6+ {[%emt 0:00:00]} Qb6 {[%emt 0:01:58]} 1/2-1/2

[Event "BL 2016-17"]
[Site "Germany"]
[Date "2017.03.19"]
[Round "10"]
[White "Bruedigam, Martin"]
[Black "Zaragatski, Ilja"]
[Result "1/2-1/2"]
[WhiteElo "2405"]
[BlackElo "2505"]
[Annotator "TA"]
[PlyCount "125"]
[EventDate "2017.??.??"]
[EventType "team-tourn"]
[EventCountry "GER"]
[SourceTitle "playchess.com"]
[Source "ChessBase"]
[SourceQuality "1"]
[WhiteTeam "König Tegel"]
[BlackTeam "Aufwärts Aachen"]

1. e4 c5 2. Nf3 e6 3. g3 Nc6 4. Bg2 Nf6 5. d3 Be7 6. O-O d5 7. Qe2 b6 8. e5 Nd7 9. c4 d4 10. h4 Bb7 11. Re1 h6 12. h5 Qc7 13. Na3 O-O-O 14. Nc2 g5 15. hxg6 fxg6 16. b4 Nxb4 17. Nxb4 cxb4 18. Nxd4 Bxg2 19. Kxg2 Nc5 20. Bb2 Qb7+ 21. Kh2 h5 22. Rad1 h4 23. g4 Rhf8 24. Rf1 Rf4 25. Nb5 Rdf8 26. Bc1 h3 27. f3 Rxf3 28. Bg5 Rxf1 29. Rxf1 Qg2+ 30. Qxg2 hxg2 31. Rxf8+ Bxf8 32. Nxa7+ Kb7 33. Nb5 Nxd3 34. Kxg2 Bc5 35. Nd6+ Bxd6 36. exd6 Kc6 37. Kf3 Ne5+ 38. Ke4 Nxg4 39. Kf4 Nf2 40. Ke5 Kd7 41. Bd2 Nd3+ 42. Kd4 Nc5 43. Bxb4 Kxd6 44. a4 e5+ 45. Ke3 Ke6 46. Bxc5 bxc5 47. Ke4 Kd6 48. a5 Kc6 49. Kxe5 g5 50. Kf5 Kb7 51. Kxg5 Ka6 52. Kf4 Kxa5 53. Ke5 Kb6 54. Kd6 Kb7 55. Kxc5 Kc7 56. Kb5 Kb7 57. c5 Kc7 58. c6 Kc8 59. Kc4 Kc7 60. Kc5 Kc8 61. Kb6 Kb8 62. c7+ Kc8 63. Kc6 $2 {[%mdl 8192]} (63. Kb5 Kxc7) 1/2-1/2

[Event "BL 2016-17"]
[Site "Germany"]
[Date "2017.03.19"]
[Round "10"]
[White "Zeller, Frank"]
[Black "Hoffmeyer, Falk"]
[Result "0-1"]
[WhiteElo "2393"]
[BlackElo "2353"]
[Annotator "TA"]
[PlyCount "64"]
[EventDate "2017.??.??"]
[EventType "team-tourn"]
[EventCountry "GER"]
[SourceTitle "playchess.com"]
[Source "ChessBase"]
[SourceQuality "1"]
[WhiteTeam "Schwäbisch Hall"]
[BlackTeam "Zugzwang München"]

{[%evp 20,64,0,0,0,0,0,0,0,-1,2,-18,-11,-13,-18,-20,-21,-10,-14,-50,0,-76,-84,-62,-31,-39,-47,-27,0,0,0,-118,-83,-281,-279,-285,0,0,0,0,0,0,0,-29997,0,-29998,-29999]} 1. e4 c6 2. d4 d5 3. Nc3 dxe4 4. Nxe4 Bf5 5. Ng3 Bg6 6. h4 h6 7. Nf3 Nd7 8. h5 Bh7 9. Bd3 Bxd3 10. Qxd3 e6 11. Bf4 Qa5+ {B19: Classical Caro-Kann: 4...Bf5 main line} 12. Bd2 Bb4 13. c3 Be7 {The position is equal.} 14. c4 Qc7 (14... Qb6 15. O-O-O Ngf6 16. Kb1 O-O 17. Ne4 Rad8 18. Bc3 Qa6 19. Nxf6+ Nxf6 {0-1 (56) Dervishi,E (2564)-Eljanov,P (2739) Baku 2016}) 15. Kf1 Ngf6 16. Re1 O-O 17. Rh4 $146 (17. Nf5 exf5 18. Rxe7 Ne4 19. Nh4 Ndc5 20. Qxe4 Nxe4 21. Rxc7 Nxd2+ {1-0 (50) Jakovenko,D (2443)-Volzhin,A (2548) Samara 2000}) 17... Rad8 18. Qc2 Rfe8 19. Ne5 Bd6 {[%cal Rd7e5]} 20. Bc3 (20. Bxh6 $1 $11 Nxe5 21. dxe5 Bxe5 22. f4) 20... c5 $17 21. Nxd7 Rxd7 (21... Nxd7 $5 {creates asymmetry.} 22. Ne2 Be7 23. Rh3 cxd4 24. Bxd4 Nf6) 22. Ne4 Nxe4 23. Rhxe4 Bf8 {aiming for ...Qh2.} 24. d5 {[%cal Rd5e6]} Qh2 {White must now prevent ...Qh1+.} 25. g4 ({Reject} 25. dxe6 Qh1+ 26. Ke2 Qxg2 27. exf7+ (27. exd7 Rxe4+ 28. Kd1 Qg4+ 29. Kc1 Rxe1+ 30. Bxe1 Qxd7 $17) 27... Rxf7 $17) (25. f3 $11 {remains equal.}) 25... Red8 26. dxe6 $2 (26. Qd3 $17) 26... fxe6 $19 27. R4e3 {[#]} Be7 $2 ({Worse is} 27... Qh1+ 28. Ke2 Qh4 29. Qe4 $14) (27... Rf7 $1 $19 28. Be5 Qh1+ 29. Ke2 Qg2) 28. Qe4 $11 Bh4 {[%csl Gh4][%cal Rh2f2]} 29. Rf3 Bg5 $40 {[%mdl 128] Black is up to no good.} 30. Qxe6+ Kh8 {( -> ...Qh1+)} 31. Qe5 $2 {[%mdl 8192]} (31. Rg3 $11) 31... Qh1+ 32. Ke2 {[#]} Rd2+ $1 {[%mdl 512]} 0-1